Effectif de l'Union Bordeaux Bègles - Saison 2024-2025 - Statistiques

Statistiques générales
  • Ce quiz a été pris 498 fois
    326 depuis la dernière actualisation
  • Le résultat moyen est 24 sur 46
Statistiques - réponses
Poste Joueurs Nationalité Pts % Correct
Demi d'ouverture Matthieu Jalibert France 85
95%
Demi de mêlée Maxime Lucu France 60
95%
Ailier Damian Penaud France 30
92%
Ailier Louis Bielle-Biarrey France 35
89%
Talonneur Maxime Lamothe France 10
86%
Arrière Romain Buros France 25
83%
Centre Yoram Moefana France 5
82%
Pilier Ben Tameifuna Tonga 5
81%
Pilier Jefferson Poirot France 10
80%
Centre Nicolas Depoortere France 25
78%
Talonneur Connor Sa France 5
75%
2ème ligne Cyril Cazeaux France 15
63%
Demi d'ouverture Joey Carbery irlande 46
63%
3ème ligne Marko Gazzotti France 5
63%
3ème ligne Tevita Tatafu Japon 5
62%
3ème ligne Pierre Bochaton France -
59%
2ème ligne Guido Petti Argentine -
57%
2ème ligne Jonny Gray Ecosse -
54%
Centre Pablo Uberti France 15
54%
2ème ligne Adam Coleman Australie 5
53%
3ème ligne Pete Samu Australie 5
53%
Ailier Arthur Retière France 10
51%
3ème ligne Bastien Vergnes-Taillefer France -
51%
Demi de mêlée Yann Lesgourgues France 5
51%
Demi d'ouverture Mateo Garcia France 30
50%
Centre Rohan Janse Van Rensburg Afrique du sud 5
49%
pilier Sipili Falatea France 10
46%
3ème ligne Mahamadou Diaby France -
45%
Arrière Nans Ducuing France -
45%
pilier Carlü Sadie Afrique du sud -
44%
pilier Ugo Boniface France 5
43%
pilier Mathis Perchaud France 5
41%
3ème ligne Temo Matiu France 25
41%
Ailier Jon echegaray France 10
38%
Talonneur Romain Latterade France 5
34%
pilier Toma'akino Taufa Tonga -
31%
2ème ligne Alexandre Ricard France -
30%
Centre Ben tapuai Australie 10
28%
Demi de mêlée Paul Abadie France -
25%
pilier Zaccharie Affane France -
24%
3ème ligne Tiaan Jacobs Afrique du sud -
23%
Ailier Enzo Reybier France 10
22%
3ème ligne Lachlan Swinton Australie 5
22%
2ème ligne Maladé Nguimbous France -
14%
pilier Zinédine Aouad France -
12%
3ème ligne Romain Gardrat France -
8%
Aucun quiz correspondant
Distribution des résultats
% des personnes avec chaque résultat
Percentile par nombre de réponses
Votre historique - résultats
Vous n’avez pas pris ce quiz depuis la dernière actualisation